| 000 | 01016nam a22002657a 4500 | ||
|---|---|---|---|
| 005 | 2010040107077.0 | ||
| 008 | 100401t xxu||||| |||| 00| 0 eng d | ||
| 010 | _aENG-95956 | ||
| 020 |
_a9788131729472 (pbk.) _c175.00 |
||
| 035 | _aEN-79489 | ||
| 037 | _bDBAD/VEN | ||
| 040 | _aDPL | ||
| 082 | _a170.1 | ||
| 100 | _aSatyanarayana, Y.V. | ||
| 245 |
_aEthics, theory and practice / _c by Y.V. Satyanarayana |
||
| 260 |
_aNew Delhi _bDorling Kindersley (India) Pvt. Ltd. licensees of Pearson Education _c2010 |
||
| 270 |
_a14 local shopping centre, Panchsheel Park _bNew Delhi _e110017 |
||
| 300 |
_axv, 219 p. ; _c23 cm.(Pbk) |
||
| 504 | _aIncludes bibliographical references and index | ||
| 650 | _aEthics. | ||
| 650 | _aSocial ethics. | ||
| 942 |
_2ddc _cEN _mSAT _h170.1 |
||
| 999 |
_c35016 _d35016 |
||